00446nam a22001457a 4500020002200000082001500022100001900037245005000056260003200106300000800138650001600146942000700162952011400169999001700283 a978-0-099-52327-7 a340.59 KAD aKadri, Sadakat aHeaven on Earth: A Journey through Sharia Law aLondonbVintage Booksc2012 a332 aIslamic Law cBK 00104070aHMIbHMIcGENd2017-06-06g450.00l1o340.59 KADp11-3471r2022-07-05s2022-06-27w2017-06-06yBK c20438d20438